Tam dan Tot sahabat sejati (Record no. 42725)
[ view plain ]
| 000 -LEADER | |
|---|---|
| fixed length control field | 00787nam a2200277 i 4500 |
| 001 - CONTROL NUMBER | |
| control field | C2-0135572 |
| 003 - CONTROL NUMBER IDENTIFIER | |
| control field | PPAK |
| 005 - DATE AND TIME OF LATEST TRANSACTION | |
| control field | 20180727124042.0 |
| 008 - FIXED-LENGTH DATA ELEMENTS--GENERAL INFORMATION | |
| fixed length control field | 971206s1996 my a|||| ||||| | may d |
| 020 ## - INTERNATIONAL STANDARD BOOK NUMBER | |
| International Standard Book Number | 9838233420 |
| 040 ## - CATALOGING SOURCE | |
| Original cataloging agency | PPAK |
| Language of cataloging | eng |
| Transcribing agency | PPAK |
| Description conventions | rda |
| 082 04 - DEWEY DECIMAL CLASSIFICATION NUMBER | |
| Classification number | 499.2386 |
| Edition number | 23 |
| 090 00 - LOCALLY ASSIGNED LC-TYPE CALL NUMBER (OCLC); LOCAL CALL NUMBER (RLIN) | |
| Classification number (OCLC) (R) ; Classification number, CALL (RLIN) (NR) | 499.2386 |
| Feature heading | SIT |
| Feature heading | K |
| 100 0# - MAIN ENTRY--PERSONAL NAME | |
| Personal name | Siti Rosminah Abd. Wahab, |
| Relator term | author |
| 245 10 - TITLE STATEMENT | |
| Title | Tam dan Tot sahabat sejati |
| 250 ## - EDITION STATEMENT | |
| Edition statement | Zalina Zainal Abidin |
| 264 #1 - PRODUCTION, PUBLICATION, DISTRIBUTION, MANUFACTURE, AND COPYRIGHT NOTICE | |
| Place of production, publication, distribution, manufacture | Petaling Jaya, Selangor : |
| Name of producer, publisher, distributor, manufacturer | Prisma , |
| Date of production, publication, distribution, manufacture, or copyright notice | 1996 |
| 300 ## - PHYSICAL DESCRIPTION | |
| Extent | 22 pages : |
| Other physical details | illustrations ; |
| Dimensions | 22 cm |
| 336 ## - CONTENT TYPE | |
| Source | rdacontent |
| Content type term | text |
| 337 ## - MEDIA TYPE | |
| Source | rdamedia |
| Media type term | unmediated |
| 338 ## - CARRIER TYPE | |
| Source | rdacarrier |
| Carrier type term | volume |
| 490 1# - SERIES STATEMENT | |
| Series statement | Siri bacalah sayang |
| 650 10 - SUBJECT ADDED ENTRY--TOPICAL TERM | |
| Topical term or geographic name entry element | Bahasa Melayu - Readers. |
| 830 #0 - SERIES ADDED ENTRY--UNIFORM TITLE | |
| Uniform title | Siri bacalah sayang |
| 942 ## - ADDED ENTRY ELEMENTS (KOHA) | |
| -- | dc |
| Koha item type | Book |
| Withdrawn | Not for loan | Current library | Shelving location | Date acquired | Total Checkouts | Full call number | Barcode | Date last seen | Date last checked out | Koha item type |
|---|---|---|---|---|---|---|---|---|---|---|
| Perpustakaan Awam Sungai Petani | Pinjaman Kanak-kanak | 24/11/2003 | 1 | K 499.2386 SIT | A00403057 | 16/11/2024 | 09/11/2024 | Book | ||
| Perpustakaan Awam Sungai Petani | Pinjaman Kanak-kanak | 22/11/1997 | 1 | K 499.2386 SIT | A00094767 | 26/07/2025 | 05/07/2025 | Book | ||
| Perpustakaan Langkawi | Pinjaman Kanak-kanak | 22/11/1997 | K 499.2386 SIT | A00094769 | 08/05/2018 | Book | ||||
| Perpustakaan Yan | Pinjaman Kanak-kanak | 22/11/1997 | K 499.2386 SIT | A00094771 | 08/05/2018 | Book | ||||
| Bergerak 1, Alor Setar | Pinjaman Kanak-kanak | 22/11/1997 | K 499.2386 SIT | A00094772 | 08/05/2018 | Book | ||||
| Bergerak 1, Alor Setar | Pinjaman Kanak-kanak | 23/05/1999 | K 499.2386 SIT | A00263786 | 08/05/2018 | Book | ||||
| Bergerak 3, Baling | Pinjaman Kanak-kanak | 22/11/1997 | K 499.2386 SIT | A00094774 | 08/05/2018 | Book | ||||
| Bergerak 3, Baling | Pinjaman Kanak-kanak | 23/05/1999 | K 499.2386 SIT | A00263788 | 08/05/2018 | Book | ||||
| Bergerak 4, Sungai Petani | Pinjaman Kanak-kanak | 22/11/1997 | K 499.2386 SIT | A00094775 | 08/05/2018 | Book | ||||
| Bergerak 5, Kulim | Pinjaman Kanak-kanak | 22/11/1997 | K 499.2386 SIT | A00094776 | 08/05/2018 | Book |